000
00261nam a2200097Ia 4500
008
190216s9999||||xx |||||||||||||| ||und||
100
_a
Damodharan K
245
0
_a
Samasthaniyangal Gaveshanathilum Ulpathanathilum
260
_b
Kerala Bhasha Institute
942
_c
BK
999
_c
37577
_d
37577